Principios de marketing (Registro nro. 13167)

Detalles MARC
000 -Cabecera
Campo de control de longitud fija 00933nam a22003377a 4500
005 - Fecha y hora de la última transacción
Campo de control 20260226155919.0
008 - Elementos de longitud fija--Información general
Campo de control de longitud fija 210825b2018 xxu||||| |||| 00| 0 spa d
020 ## - International Standard Book Number
Número Internacional Estándar del Libro (ISBN) 9789587841176
041 ## - Idioma
Código de idioma Español
082 ## - Clasificación Decimal Dewey
Número de clasificación 658.8 J91p
100 ## - Entrada principal--Autor personal
Nombre personal Juárez, Fernando
9 (RLIN) 61439
245 ## - Título propiamente dicho
Título Principios de marketing
260 ## - Pie de imprenta
Lugar de publicación, distribución, etc. Colombia
260 ## - Pie de imprenta
Nombre del editor, distribuidor, etc. Universidad del Rosario
260 ## - Pie de imprenta
Fecha de publicación, distribución, etc. 2018
300 ## - Descripción física
Extensión 149 páginas
490 ## - Serie
Título de la Serie Dirección y Administración de Empresas
650 ## - Materia general
Temática (materia general) GERENCIA DEL MARKETING
650 ## - Materia general
Temática (materia general) MARKETING
650 ## - Materia general
Temática (materia general) PLAN DE MARKETING
650 ## - Materia general
Temática (materia general) MARKETING DIGITAL
650 ## - Materia general
Temática (materia general) PLAN DE MARKETING PARA LA EMPRESA
650 ## - Materia general
Temática (materia general) CADENA DE VALOR
650 ## - Materia general
Temática (materia general) CONSUMIDOR
650 ## - Materia general
Temática (materia general) ANÁLISIS DE LA ECONOMÍA
650 ## - Materia general
Temática (materia general) MODELOS DE MARKETING
650 ## - Materia general
Temática (materia general) SATISTACCIÓN DEL CONSUMIDOR
650 ## - Materia general
Temática (materia general) LEALTAD DEL CONSUMIDOR
650 ## - Materia general
Temática (materia general) MODELOS DE MARKETING
942 ## - Punto de acceso adicional KOHA
Tipo de ítem KOHA Libro
Fuente del sistema de clasificación o colocación Dewey Decimal Classification
Existencias
Signatura completa Código de barras Programa Académico Tipo de ítem
658.8 J91p 25317 Dirección y Administración de Empresas Libro